000
00236nam a2200097Ia 4500
001
766514
005
20250826165342.0
008
250824s9999 xx 000 0 und d
245
0
_a
KÜÇÜK PRENS
_c
EXUPERY
260
_b
ATLIKARINCA YAYINLARI
999
_c
766514
_d
766514